| 000 | 01980nam0a2200349 4500 | ||
|---|---|---|---|
| 001 | RU\NLR\bibl\1773157 | ||
| 005 | 20260409072634.0 | ||
| 010 |
_a978-5-98346-054-6 _9300 |
||
| 021 |
_aRU _b2011-34521 _92458 |
||
| 035 | _a(NLR Aleph) 001763935 | ||
| 090 |
_a1595726 _c1595726 |
||
| 100 | _a20110525d2010 |||y0rusy50 ca | ||
| 101 | 0 | _arus | |
| 102 | _aRU | ||
| 105 | _aa ||||||||| | ||
| 200 | 1 |
_aТеоретические основы программы по дисциплине "Физическая культура" для высших учебных заведений _eучебное пособие _eдля образовательных учреждений высшего профессионального образования, осуществляющих образовательную деятельность по направлению 032100 - Физическая культура _fМ.Я. Левин, С.А. Борисевич, И.А. Афанасьева _gФГОУ ВПО "Тюмен. гос. с.-х. акад.", С.-Петерб. гос. акад. вет. медицины |
|
| 210 |
_aТюмень _cТГСХА _d2010 |
||
| 215 |
_a445 с. _cил. _d20 |
||
| 320 | _aБиблиогр.: с. 442-445 (74 назв.) | ||
| 606 |
_aСтуденты _xФизическое воспитание _jУчебные издания для высших учебных заведений _3RU\NLR\auth\661059662 _91709943 |
||
| 686 | _aЧ481.354я73 | ||
| 700 | 1 |
_4070 _7ca _8rus _aЛевин _bМ. Я. _cд-р мед. наук _f1931-2022 _gМирон Яковлевич _3RU\NLR\AUTH\7726915 _99953 |
|
| 701 | 1 |
_aБорисевич _bС. А. _gСергей Александрович _4070 |
|
| 701 | 1 |
_aАфанасьева _bИ. А. _gИрина Александровна _4070 |
|
| 801 | 0 |
_aRU _bNLR _c20110525 _gRCR |
|
| 801 | 1 |
_aRU _bNLR _c20110525 |
|
| 830 | _aавт. по кн. | ||
| 942 | _cBOOK | ||
| 980 | _aNB | ||
| 980 | _aNBR | ||